The wings of the dove

Tallennettuna:
Bibliografiset tiedot
Päätekijä: Henry James
Aineistotyyppi: Kirja
Kieli:Undetermined
Julkaistu: London Everyman's Library 1997
Aiheet:
Tagit: Lisää tagi
Ei tageja, Lisää ensimmäinen tagi!
Thư viện lưu trữ: Trung tâm Học liệu Trường Đại học Cần Thơ
LEADER 00479nam a2200181Ia 4500
001 CTU_27318
008 210402s9999 xx 000 0 und d
082 |a 813.4 
082 |b J27 
100 |a Henry James 
245 4 |a The wings of the dove 
245 0 |c Henry James 
260 |a London 
260 |b Everyman's Library 
260 |c 1997 
650 |a american literature - 19th century 
904 |i Minh, 981215 
980 |a Trung tâm Học liệu Trường Đại học Cần Thơ